| 000 | 006090000a22002170004500 | ||
|---|---|---|---|
| 041 | 0 | _aEspañol | |
| 090 |
_aMM _b00059 |
||
| 245 | 1 | 0 | _aControl murciélago vampiro y la rabia bovina |
| 300 |
_a30 min. _bVHS |
||
| 650 | 1 | 4 |
_aMamíferos _992510 |
| 650 | 1 | 4 |
_aQuirópteros _916689 |
| 650 | 1 | 4 |
_aMurciélagos vampiros _9100838 |
| 650 | 1 | 4 |
_aEnfermedades animales _993297 |
| 650 | 1 | 4 |
_aEnfermedades infecciosas _9100839 |
| 651 | 4 |
_pCosta Rica _992749 |
|
| 041 | 0 | _aEspañol | |
| 044 | _aCosta Rica | ||
| 110 | 1 |
_aBat Conservation International _9100840 |
|
| 260 |
_aSan José _bBCI _c1990? |
||
| 942 | _cCD-ROM | ||
| 999 |
_c16440 _d16440 |
||